Langford's advanced photography : (Record no. 15647)
[ view plain ]
| 000 -LEADER | |
|---|---|
| fixed length control field | 01265cam a2200337 a 4500 |
| 001 - CONTROL NUMBER | |
| control field | 16539349 |
| 003 - CONTROL NUMBER IDENTIFIER | |
| control field | OSt |
| 005 - DATE AND TIME OF LATEST TRANSACTION | |
| control field | 20140310182746.0 |
| 008 - FIXED-LENGTH DATA ELEMENTS--GENERAL INFORMATION | |
| fixed length control field | 101116s2011 ne a 001 0 eng |
| 010 ## - LIBRARY OF CONGRESS CONTROL NUMBER | |
| LC control number | 2010941149 |
| 020 ## - INTERNATIONAL STANDARD BOOK NUMBER | |
| International Standard Book Number | 9780240521916 |
| 040 ## - CATALOGING SOURCE | |
| Original cataloging agency | DLC |
| Transcribing agency | DLC |
| 042 ## - AUTHENTICATION CODE | |
| Authentication code | pcc |
| 050 00 - LIBRARY OF CONGRESS CALL NUMBER | |
| Classification number | TR 145 |
| Item number | .L318 2011 |
| 100 1# - MAIN ENTRY--PERSONAL NAME | |
| Personal name | Langford, Michael John, |
| Dates associated with a name | 1933- |
| 245 10 - TITLE STATEMENT | |
| Title | Langford's advanced photography : |
| Remainder of title | the guide for aspiring photograhers / |
| Statement of responsibility, etc | Michael Langford, Efthimia Bilissi ; contributors, Ellizabeth Allen ... [et al.]. |
| 246 30 - VARYING FORM OF TITLE | |
| Title proper/short title | Advanced photography |
| 250 ## - EDITION STATEMENT | |
| Edition statement | 8th ed. |
| 260 ## - PUBLICATION, DISTRIBUTION, ETC. (IMPRINT) | |
| Place of publication, distribution, etc | Amsterdam ; |
| -- | Boston : |
| Name of publisher, distributor, etc | Elsevier, Focal Press, |
| Date of publication, distribution, etc | 2011. |
| 300 ## - PHYSICAL DESCRIPTION | |
| Extent | 479 p. : |
| Other physical details | ill. (some col.) ; |
| Dimensions | 25 cm. |
| 500 ## - GENERAL NOTE | |
| General note | Rev. ed. of: Advanced photography / Michael Langford. 2006. |
| 500 ## - GENERAL NOTE | |
| General note | Includes index. |
| 521 ## - TARGET AUDIENCE NOTE | |
| Target audience note | |
| 562 ## - COPY AND VERSION IDENTIFICATION NOTE | |
| Number of copies | For circulation. 1 copy available in the collection |
| 650 #0 - SUBJECT ADDED ENTRY--TOPICAL TERM | |
| Topical term or geographic name as entry element | Photography. |
| 700 1# - ADDED ENTRY--PERSONAL NAME | |
| Personal name | Langford, Michael John, |
| Dates associated with a name | 1933- |
| Title of a work | Advanced photography. |
| 906 ## - LOCAL DATA ELEMENT F, LDF (RLIN) | |
| a | 7 |
| b | cbc |
| c | origcop |
| d | 2 |
| e | epcn |
| f | 20 |
| g | y-gencatlg |
| 942 ## - ADDED ENTRY ELEMENTS (KOHA) | |
| Source of classification or shelving scheme | Library of Congress Classification |
| Koha item type | Books |
| Call number prefix | Foreign |
| Withdrawn status | Lost status | Source of classification or shelving scheme | Damaged status | Home library | Current library | Shelving location | Date acquired | Source of acquisition | Total Checkouts | Full call number | Barcode | Date last seen | Copy number | Price effective from | Koha item type |
|---|---|---|---|---|---|---|---|---|---|---|---|---|---|---|---|
| Library of Congress Classification | College Library | College Library | General Circulation Section | 06/26/2012 | Donation | TR 145 .L318 2011 | C14496 | 05/15/2018 | 1 | 10/18/2013 | Books |